Viviendo la literatura : (Record no. 87008)

MARC details
000 -CABECERA
campo de control de longitud fija 00633nam a22002293a 4500
005 - FECHA Y HORA DE LA ÚLTIMA TRANSACCIÓN
campo de control 20251203063945.0
008 - ELEMENTOS DE LONGITUD FIJA--INFORMACIÓN GENERAL
campo de control de longitud fija 011016s1996 mx fr 000 0 spa d
020 ## - NÚMERO INTERNACIONAL NORMALIZADO PARA LIBROS
Número Internacional Estándar del Libro 9507011447
035 ## - NÚMERO DE CONTROL DEL SISTEMA
Número de control de sistema UPN01000113100
049 ## - COLECCIÓN
Colección CG
050 #4 - SIGNATURA TOPOGRÁFICA DE LA BIBLIOTECA DEL CONGRESO
Número de clasificación Z711.4
Número de documento/Ítem P3.8 1996
100 1# - ASIENTO PRINCIPAL--NOMBRE PERSONAL
Nombre de persona Pasut, Marta
245 10 - MENCIÓN DE TÍTULO
Título Viviendo la literatura :
Resto del título en busca del lector perdido /
Mención de responsabilidad, etc. Marta Pasut.
260 ## - PUBLICACIÓN, DISTRIBUCIÓN, ETC.
Lugar de publicación, distribución, etc. Argentina :
Nombre del editor, distribuidor, etc. Aique,
Fecha de publicación, distribución, etc. 1996
300 ## - DESCRIPCIÓN FÍSICA
Extensión 149 p.
440 #0 - MENCIÓN DE SERIE/ASIENTO SECUNDARIO--TÍTULO
Título Estrategias de aula)
650 #4 - ASIENTO SECUNDARIO DE MATERIA - TERMINO TEMATICO
Término de materia o nombre geográfico como elemento de entrada Intereses en la lectura
9 (RLIN) 4851
650 #4 - ASIENTO SECUNDARIO DE MATERIA - TERMINO TEMATICO
Término de materia o nombre geográfico como elemento de entrada Literatura
Subdivisión general Estudio y enseñanza
9 (RLIN) 7638
901 ## - ELEMENTOS DE DATOS A LOCAL LDA (RLIN)
a 179169
902 ## - ELEMENTOS DE DATOS B LOCAL, LDB (RLIN)
Creó MEEG/
905 ## - TIPO DE MATERIAL
Tipo de material Libro
Holdings
Estado de retiro Estado de pérdida Fuente del sistema de clasificación o colocación Estado dañado No para préstamo Código de colección Localización permanente Ubicación/localización actual Ubicación en estantería Total de préstamos Clasificación Código de barras Fecha visto por última vez Número de copia Tipo de ítem Koha
    Library of Congress Classification     Colección General Bib. Gregorio Torres Quintero Bib. Gregorio Torres Quintero Planta baja 4 Z711.4 P3.8 1996 179169 31/12/2020 1 Libro